000 nam a22 a 4500
999 _c3184
_d3184
003 AKMAL
005 20170519161454.0
008 170519s1999 my 00 eng d
020 _a9679786757 (kkt.):
_cRM 15.00
040 _aAKMAL
_cAKMAL
082 0 4 _a658.400722 MAL
_221
090 0 0 _a658.400722
_bMAL
090 2 0 _a658.400722
_bMAL
245 1 0 _aMalaysian management cases /
_cedited by Maheswari Kandasamy
260 _aSubang Jaya :
_bPelanduk Publications,
_c1999
300 0 0 _a70p. :
_bill. ;
_c22cm
440 0 _aCase writer's Association of Malaysia
_96551
650 0 _aIndustrial management
_xCase studies
_zMalaysia
_96047
650 0 _aManagement
_vCase studies
_96238
700 0 _aMaheswari Kandasamy
_96552
942 _2ddc
_cBOOK